000 00709nam a2200265Ia 4500
005 20260302115246.0
008 008 260114s9999 xx 000 0 eng d
020 _a9798216975175
037 _aTextbook
040 _aCRL
040 _beng
040 _cCRL
041 _2eng
041 _aeng
084 _qCRL
100 _aDeborah C. De Rosa
_91121145
245 0 _aInto the Mouths of Babes An Anthology of Children's Abolitionist Literature
260 _bBloomsbury
260 _bPraeger
260 _c2005
650 _aLiterary Studies
856 _uhttps://doi.org/10.5040/9798216975175?locatt=label:secondary_bloomsburyCollections
942 _cEBOOK
999 _c1685546
_d1685546